[Event "Open"]
[Site "Pula CRO"]
[Date "2009.07.04"]
[Round "9"]
[White "Saric,Iv"]
[Black "Barle,J"]
[Result "1-0"]
[WhiteElo "2576"]
[BlackElo "2411"]
[EventDate "2009.06.27"]

1. e4 e5 2. Nf3 Nc6 3. Bc4 Be7 4. O-O Nf6 5. d3 O-O 6. a4 d6 7. a5 a6 8.
Re1 Be6 9. Nc3 Qd7 10. Bd2 Bg4 11. h3 Bh5 12. Be3 Nd4 13. Bxd4 exd4 14. Nd5
Nxd5 15. Bxd5 Bxf3 16. Qxf3 c6 17. Bb3 Bf6 18. Qg3 Qe7 19. Qg4 Qe5 20. Qd7
Qc5 21. f4 Bd8 22. e5 Bxa5 23. Re2 b6 24. e6 d5 25. e7 Rfe8 26. f5 h6 27.
f6 g6 28. h4 Kh7 29. h5 g5 30. Re6 Rac8 31. Rd6 Bd2 32. Qf5+ Kg8 33. Qxc8
1-0

[Event "Open"]
[Site "Pula CRO"]
[Date "2009.07.04"]
[Round "9"]
[White "Drazic,S"]
[Black "Schmidt Schaeffer,S"]
[Result "0-1"]
[WhiteElo "2533"]
[BlackElo "2382"]
[EventDate "2009.06.27"]

1. d4 f5 2. g3 Nf6 3. Bg2 e6 4. Nh3 Be7 5. O-O O-O 6. Nd2 d5 7. c4 c6 8.
Qc2 a5 9. Nf3 b5 10. cxb5 cxb5 11. Bf4 Bd7 12. Ne5 Be8 13. Rac1 h6 14. f3
g5 15. Be3 Nfd7 16. f4 Nxe5 17. dxe5 g4 18. Nf2 Nc6 19. Bc5 h5 20. Rfd1 Kg7
21. Qd2 Rc8 22. Nd3 Rh8 23. a3 h4 24. b4 axb4 25. axb4 Ra8 26. Rc2 Kg6 27.
Rdc1 Rh7 28. Bxe7 Nxe7 29. Qe3 h3 30. Bf1 Nc8 31. Nc5 Qb6 32. Qd4 Rha7 33.
Nb3 Bd7 34. Qc5 Kf7 35. Kf2 Ra2 36. Na5 Qxc5+ 37. Rxc5 Nb6 38. Rc7 Ke8 39.
R1c2 Rxc2 40. Rxc2 Nc4 41. e3 Kd8 42. Bxc4 bxc4 43. Nb7+ Kc7 44. Nc5 Ra1
45. e4 fxe4 46. f5 exf5 47. Ke3 Rd1 48. Kf4 Rf1+ 49. Kg5 e3 50. Ra2 Bc8 51.
e6 Kd6 52. Kf6 f4 53. gxf4 Rxf4+ 54. Kg5 Rf2 55. Ra1 e2 56. Re1 Bxe6 57.
Nxe6 Kxe6 58. Kxg4 Rxh2 59. Kg3 Rg2+ 60. Kxh3 Rg8 61. Rxe2+ Kd6 62. Rc2 Kc6
63. Rd2 Rg1 64. Kh2 Rb1 65. Kg3 Rxb4 66. Kf3 Kc5 67. Ke2 c3 68. Rd1 Kc4 69.
Ra1 d4 70. Ra8 d3+ 71. Ke3 d2 72. Ke2 Rb1 73. Rc8+ Kb3 0-1

[Event "Open"]
[Site "Pula CRO"]
[Date "2009.07.04"]
[Round "9"]
[White "Ljubicic,F"]
[Black "Zelcic,R"]
[Result "1/2-1/2"]
[WhiteElo "2406"]
[BlackElo "2555"]
[EventDate "2009.06.27"]

1. Nf3 Nf6 2. d4 e6 3. Bg5 c5 4. e3 h6 5. Bxf6 Qxf6 6. c3 Nc6 7. Nbd2 cxd4
8. exd4 d5 9. Bd3 Bd6 10. Qe2 O-O 11. O-O e5 12. dxe5 Nxe5 13. Nxe5 Bxe5
14. Nf3 Bc7 15. Nd4 Bd7 16. Rfe1 Rfe8 17. Qd2 Bf4 18. Qc2 Be5 19. Qd2 Re7
20. Bc2 Rae8 21. Nf3 Bc6 22. Nxe5 Rxe5 23. Rxe5 Qxe5 24. Rd1 Qe2 25. Bb3
Qc4 26. f3 Qh4 27. Qf2 Qf4 28. Qd2 Qh4 29. Qf2 Qg5 30. Re1 Rxe1+ 31. Qxe1
d4 32. cxd4 Bxf3 33. Qf2 Bd5 34. Bxd5 Qxd5 35. a3 Qe4 36. h3 a6 37. Qd2 Qd5
38. Qc3 f5 39. Kf2 Kf7 40. Qc7+ Kf6 41. Qb6+ Kg5 42. g3 f4 43. gxf4+ Kxf4
44. Qc7+ Ke4 45. Qe7+ Kxd4 46. Qxg7+ Kc4 47. Qxh6 Qf5+ 48. Kg3 Qd3+ 49. Kg4
Qe2+ 50. Kf5 Qc2+ 51. Ke6 Kb3 52. Qg7 Qc6+ 53. Ke7 Qc7+ 54. Kf6 Qf4+ 55.
Ke7 Qc7+ 56. Kf6 Qf4+ 57. Ke6 Qe4+ 58. Kd7 Qc6+ 59. Kd8 b5 60. Qd4 a5 61.
h4 Qf3 62. Qc3+ Qxc3 63. bxc3 Kxa3 64. h5 b4 65. cxb4 axb4 66. h6 b3 67. h7
b2 68. h8=Q 1/2-1/2

[Event "Open"]
[Site "Pula CRO"]
[Date "2009.07.04"]
[Round "9"]
[White "Brumen,D"]
[Black "Papp,Ga"]
[Result "0-1"]
[WhiteElo "2355"]
[BlackElo "2524"]
[EventDate "2009.06.27"]

1. d4 d6 2. g3 Nf6 3. Bg2 g6 4. Nf3 Bg7 5. O-O O-O 6. c4 Nbd7 7. Nc3 e5 8.
e4 a6 9. Re1 exd4 10. Nxd4 Ng4 11. Qxg4 Bxd4 12. Qd1 Bg7 13. f4 Rb8 14. Bf1
Nc5 15. Be3 Bxc3 16. bxc3 Nxe4 17. Bg2 Nc5 18. Bxc5 dxc5 19. Qxd8 Rxd8 20.
Re7 c6 21. Rb1 Be6 22. a4 Bxc4 23. Rexb7 Rxb7 24. Rxb7 Rd1+ 25. Kf2 Rd2+
26. Kg1 Rc2 27. Bxc6 Rxc3 28. Rc7 Be6 29. Bd7 Bxd7 30. Rxd7 Ra3 31. Rc7
Rxa4 32. Rxc5 Ra2 33. f5 Kg7 34. h4 a5 35. fxg6 hxg6 36. h5 f5 37. hxg6
Kxg6 38. Rc4 Kg5 39. Kf1 a4 40. Kg1 a3 41. Ra4 Kf6 42. Kh1 Ke5 43. Kg1 Kd5
44. Kf1 Kc5 45. Ra5+ Kd4 46. Rxf5 Rb2 47. Ra5 a2 48. Ra4+ Ke5 0-1

[Event "Open"]
[Site "Pula CRO"]
[Date "2009.07.04"]
[Round "9"]
[White "Csonka,A1"]
[Black "Martinovic,Sa"]
[Result "0-1"]
[WhiteElo "2327"]
[BlackElo "2483"]
[EventDate "2009.06.27"]

1. e4 c5 2. Nf3 Nc6 3. d4 cxd4 4. Nxd4 Nf6 5. Nc3 d6 6. Bc4 Qb6 7. Nxc6
bxc6 8. O-O g6 9. Qe1 Qc7 10. Bf4 Nd7 11. Rd1 Bg7 12. b3 O-O 13. Qe3 Qa5
14. Na4 Ne5 15. Be2 c5 16. Bh6 Nc6 17. Bxg7 Kxg7 18. c3 Ba6 19. f4 Bb5 20.
Bxb5 Qxb5 21. Rd5 Rad8 22. Rfd1 Qa6 23. e5 c4 24. exd6 exd6 25. Rxd6 Rfe8
26. Qc5 Rxd6 27. Rxd6 cxb3 28. axb3 Re1+ 29. Kf2 Qf1+ 30. Kg3 Ne7 0-1

[Event "Open"]
[Site "Pula CRO"]
[Date "2009.07.04"]
[Round "9"]
[White "Sebenik,M"]
[Black "Doric,N"]
[Result "1-0"]
[WhiteElo "2482"]
[BlackElo "2344"]
[EventDate "2009.06.27"]

1. d4 d5 2. c4 c6 3. Nf3 Nf6 4. Nc3 e6 5. g3 dxc4 6. Bg2 b5 7. O-O Nbd7 8.
e4 Bb7 9. e5 Nd5 10. Ng5 h6 11. Nxe6 fxe6 12. Qh5+ Ke7 13. Ne4 Qe8 14. Bg5+
hxg5 15. Qxh8 Kd8 16. Nxg5 Qg6 17. h4 Kc7 18. Be4 Qh6 19. Qxh6 gxh6 20.
Nxe6+ Kb6 21. f4 c5 22. a4 Rc8 23. Nxf8 Rxf8 24. Bxd5 Bxd5 25. dxc5+ Nxc5
26. axb5 Nd3 27. Rfd1 Kc5 28. b3 Rg8 29. Kh2 Nf2 30. b4+ Kxb4 31. Rxd5 Ng4+
32. Kh3 Nf2+ 33. Kg2 Ne4 34. Kf3 1-0

[Event "Open"]
[Site "Pula CRO"]
[Date "2009.07.04"]
[Round "9"]
[White "Cela,S"]
[Black "Fercec,N"]
[Result "1/2-1/2"]
[WhiteElo "2304"]
[BlackElo "2478"]
[EventDate "2009.06.27"]

1. e4 c5 2. Nf3 d6 3. d4 cxd4 4. Nxd4 Nf6 5. Nc3 a6 6. Be2 e5 7. Nb3 Be7 8.
O-O O-O 9. Be3 Nbd7 10. a4 b6 11. Qd2 Bb7 12. f3 Rc8 13. Rfd1 Qc7 14. Qe1
d5 15. exd5 Bb4 16. Bd2 Bxc3 17. Bxc3 Nxd5 18. Bxa6 Nxc3 19. Bxb7 Qxb7 20.
bxc3 Rfe8 21. Qe3 Nf6 22. Rd3 h6 23. Rad1 e4 24. fxe4 Rxe4 25. Qf3 Qe7 26.
Nd4 Re8 27. h3 g6 28. Qf2 Nh5 29. Rf3 f5 30. Qf1 Kh8 31. Qf2 Qe5 32. Nxf5
gxf5 33. Rxf5 Qg3 34. Rf8+ Rxf8 35. Qxf8+ Kh7 36. Qf5+ Qg6 37. Qxg6+ Kxg6
38. Rd6+ Nf6 39. Rxb6 Rxa4 40. Rc6 Ra2 41. Kf2 Rxc2+ 42. Kf3 Rd2 43. g4
Rd3+ 44. Kg2 Kf7 45. Kh2 Ke7 46. Kg2 Re3 47. Rc7+ Kd6 48. Rc8 Nd5 49. h4
Rxc3 50. Rh8 Ne3+ 51. Kf3 Ke5 52. Re8+ Kf6 53. Rxe3 1/2-1/2

[Event "Open"]
[Site "Pula CRO"]
[Date "2009.07.04"]
[Round "9"]
[White "Gergacz,A"]
[Black "Loncar,R"]
[Result "1/2-1/2"]
[WhiteElo "2323"]
[BlackElo "2435"]
[EventDate "2009.06.27"]

1. e4 e5 2. Nf3 Nc6 3. Bb5 a6 4. Ba4 d6 5. c3 Bd7 6. O-O g6 7. d4 Bg7 8.
dxe5 Nxe5 9. Nxe5 dxe5 10. Bg5 f6 11. Bxd7+ Qxd7 12. Qxd7+ Kxd7 13. Be3
1/2-1/2

[Event "Open"]
[Site "Pula CRO"]
[Date "2009.07.04"]
[Round "9"]
[White "Rukavina,J"]
[Black "Jelica,M"]
[Result "1-0"]
[WhiteElo "2423"]
[BlackElo "2228"]
[EventDate "2009.06.27"]

1. Nf3 Nf6 2. c4 c5 3. d4 cxd4 4. Nxd4 b6 5. Nc3 Bb7 6. f3 g6 7. e4 Bg7 8.
Be3 O-O 9. Be2 Nc6 10. O-O Rc8 11. Qd2 d6 12. Rfd1 Nd7 13. Rac1 Nxd4 14.
Bxd4 Ne5 15. b3 f5 16. exf5 gxf5 17. f4 Bh6 18. Qe3 Ng6 19. Qe6+ Rf7 20.
Bh5 Bxf4 21. Rc2 Rb8 22. Bxg6 hxg6 23. Rf2 Bh6 24. Qxg6+ Bg7 25. Bxg7 Rxg7
26. Qe6+ Kh8 27. Rd4 Rh7 28. Qxf5 Qc8 29. Rdf4 Qg8 30. Rg4 Qc8 31. Qf4 Qc5
32. Rg5 Qc8 33. Qd4+ e5 34. Qxd6 1-0

[Event "Open"]
[Site "Pula CRO"]
[Date "2009.07.04"]
[Round "9"]
[White "Nester,I"]
[Black "Pandurevic,M"]
[Result "1-0"]
[WhiteElo "2390"]
[BlackElo "2226"]
[EventDate "2009.06.27"]

1. Nf3 Nf6 2. c4 g6 3. d4 Bg7 4. g3 d6 5. Bg2 O-O 6. Nc3 Nc6 7. O-O Bg4 8.
h3 Bxf3 9. Bxf3 e5 10. Bxc6 bxc6 11. dxe5 dxe5 12. Qxd8 Rfxd8 13. Be3 Nd7
14. Rad1 e4 15. Nxe4 Bxb2 16. Rd2 Nf6 17. Rfd1 Rxd2 18. Rxd2 Rb8 19. Nxf6+
Bxf6 20. Bxa7 Rb1+ 21. Kg2 Rc1 22. Be3 Kg7 23. c5 Rc4 24. Rd7 Rc2 25. a4
Rxe2 26. Rxc7 Ra2 27. Ra7 Bc3 28. Kf3 Kf6 29. Ke4 Be1 30. Ra6 Ke7 31. Rxc6
Rxa4+ 32. Kd5 Bc3 33. Rb6 Ra5 34. Rb7+ Ke8 35. Kd6 Ra8 36. Re7+ Kf8 37.
Bh6+ Kg8 38. Rb7 Rd8+ 39. Ke7 Rc8 40. Kd7 Ra8 41. c6 1-0

[Event "Open"]
[Site "Pula CRO"]
[Date "2009.07.04"]
[Round "9"]
[White "Feletar,D"]
[Black "Berke,A"]
[Result "1/2-1/2"]
[WhiteElo "2382"]
[BlackElo "2081"]
[EventDate "2009.06.27"]

1. Nf3 c5 2. c4 Nc6 3. d4 cxd4 4. Nxd4 Nf6 5. Nc3 g6 6. e4 d6 7. Be2 Bg7 8.
Be3 O-O 9. O-O Nxd4 10. Bxd4 Be6 11. Qd2 a6 12. f3 Qa5 13. Rfd1 Rfc8 14. b3
Nd7 15. Bxg7 Kxg7 16. Rac1 Nf6 17. Qb2 Qe5 18. a4 Rab8 19. Kh1 Bd7 20. Qd2
Qa5 21. Qe3 Qc5 22. Qxc5 Rxc5 23. Kg1 Rbc8 24. Rb1 Be6 25. Kf2 Nd7 26. Rb2
f5 27. Bf1 f4 28. Ne2 g5 29. Nd4 Kf6 30. g3 Bf7 31. Bh3 e6 32. Rbd2 Ne5 33.
gxf4 gxf4 34. Ne2 b5 35. cxb5 axb5 36. Rxd6 bxa4 37. bxa4 Rc2 38. R1d2 Rxd2
39. Rxd2 Rc4 40. Nxf4 Rxa4 41. Bxe6 Ra3 42. Bxf7 Rxf3+ 43. Kg2 Rxf4 44. Bd5
Rg4+ 45. Kh3 h5 46. Rf2+ Kg7 47. Rg2 Kf6 48. Rxg4 Nxg4 49. Kg3 Ke5 50. h3
Nf6 51. Ba8 1/2-1/2

[Event "Open"]
[Site "Pula CRO"]
[Date "2009.07.04"]
[Round "9"]
[White "Plenkovic,Z"]
[Black "Purgar,I"]
[Result "0-1"]
[WhiteElo "2365"]
[BlackElo "2080"]
[EventDate "2009.06.27"]

1. g3 Nf6 2. Bg2 d5 3. d3 g6 4. Nf3 Bg7 5. O-O O-O 6. Nc3 c5 7. Bf4 Nc6 8.
Ne5 Nh5 9. Nxc6 bxc6 10. Bd2 Rb8 11. Na4 Qd6 12. Be3 d4 13. Bc1 Nf6 14. c4
Bg4 15. b3 e5 16. Ba3 Nd7 17. Qd2 Rfe8 18. Rae1 f5 19. e4 dxe3 20. Qxe3 f4
21. gxf4 exf4 22. Qxe8+ Rxe8 23. Rxe8+ Kf7 24. Rfe1 Be5 25. Bxc5 Nxc5 26.
R8xe5 Nxd3 27. Re7+ Kf6 28. R1e4 Qa3 29. Bf1 Qc1 30. Rxh7 Bf5 31. Ree7 Ne5
32. Nc5 Nf3+ 33. Kg2 Nd2 34. Ref7+ Kg5 35. h4+ Kg4 36. f3+ Nxf3 37. Re7
Qd2+ 38. Be2 g5 39. b4 Bxh7 40. Nb3 Qb2 41. Kf2 Bd3 0-1

[Event "Open"]
[Site "Pula CRO"]
[Date "2009.07.04"]
[Round "9"]
[White "Perhinig,R"]
[Black "Biti,O"]
[Result "0-1"]
[WhiteElo "2300"]
[BlackElo "2356"]
[EventDate "2009.06.27"]

1. d4 d6 2. e4 Nf6 3. f3 d5 4. e5 Ng8 5. Bd3 c5 6. c3 Nc6 7. Ne2 Qb6 8.
dxc5 Qxc5 9. f4 Nh6 10. Nd4 Bg4 11. Qa4 Bd7 12. Qb5 Nxe5 13. Qxb7 Nxd3+ 14.
Kd2 Rc8 15. Kxd3 Nf5 16. Be3 f6 17. Nxf5 Qc4+ 18. Kd2 Bxf5 19. Qxa7 Qd3+
20. Ke1 e5 21. fxe5 fxe5 22. Kf2 Bd6 23. Qxg7 Rf8 24. Re1 Be6+ 25. Kg1 Rg8
26. Qf6 Kd7 27. Qf1 Rxg2+ 28. Qxg2 Rg8 29. Bg5 Bc5+ 30. Kh1 Bh3 31. Qe2
Rxg5 32. Qxd3 Bg2+ 0-1

[Event "Open"]
[Site "Pula CRO"]
[Date "2009.07.04"]
[Round "9"]
[White "Andersen,L NOR"]
[Black "Kristovic,M"]
[Result "1-0"]
[WhiteElo "2220"]
[BlackElo "2320"]
[EventDate "2009.06.27"]

1. Nf3 Nc6 2. d4 d5 3. Bf4 e6 4. e3 a6 5. c4 dxc4 6. Bxc4 Bd6 7. Bg3 Nf6 8.
Nc3 O-O 9. a3 Qe7 10. Bh4 Qe8 11. e4 e5 12. d5 Ne7 13. Bxf6 gxf6 14. Nh4 f5
15. Qh5 f6 16. Qh6 Qf7 17. g3 Kh8 18. Rd1 fxe4 19. Nxe4 Nf5 20. Nxd6 cxd6
21. Ng6+ Kg8 22. Qxf8+ Qxf8 23. Nxf8 Kxf8 24. f3 h6 25. Kf2 b5 26. Ba2 Bd7
27. Rc1 Ra7 28. Rc3 Ke7 29. Rhc1 Kd8 30. g4 Nd4 31. Bb1 b4 32. axb4 Rb7 33.
Rc4 a5 34. Bf5 Nb3 35. R1c3 Nd2 36. Rc6 axb4 37. Rc2 Nb3 38. Rxd6 Nd4 39.
Rd2 Nxf5 40. gxf5 Ke7 41. Re6+ Bxe6 42. dxe6 Rc7 43. Kg3 Ke8 44. Rd7 Rc4
45. Rf7 h5 46. Rxf6 Rf4 47. b3 h4+ 48. Kg2 Ke7 49. Rf7+ Ke8 50. h3 Kd8 51.
Kf2 e4 52. Ke3 Rxf3+ 53. Kxe4 Rxb3 54. f6 Rb1 55. Rb7 Kc8 56. Rb5 Kc7 57.
f7 Kc6 58. Rb8 1-0

[Event "Open"]
[Site "Pula CRO"]
[Date "2009.07.04"]
[Round "9"]
[White "Osmanovic,F"]
[Black "Schulze,U"]
[Result "1/2-1/2"]
[WhiteElo "2081"]
[BlackElo "2315"]
[EventDate "2009.06.27"]

1. e4 c6 2. d4 d5 3. Nc3 dxe4 4. Nxe4 Bf5 5. Ng3 Bg6 6. h4 h6 7. Nf3 Nd7 8.
h5 Bh7 9. Bd3 Bxd3 10. Qxd3 e6 11. Bf4 Qa5+ 12. Bd2 Bb4 13. c3 Be7 14. c4
Bb4 15. Ne4 Ngf6 16. a3 Bxd2+ 17. Qxd2 Qc7 18. Nxf6+ Nxf6 19. O-O-O O-O-O
20. Rh4 c5 21. Qe3 cxd4 22. Rdxd4 Rxd4 23. Qxd4 b6 24. Kb1 Rd8 25. Qf4 Rd1+
26. Ka2 Qxf4 27. Rxf4 Kd7 28. Ne5+ Ke8 29. g4 Re1 30. Nd3 Rd1 31. Ne5 Re1
32. Nd3 Rd1 1/2-1/2

[Event "Open"]
[Site "Pula CRO"]
[Date "2009.07.04"]
[Round "9"]
[White "Stocko,J"]
[Black "Papp,T1"]
[Result "0-1"]
[WhiteElo "2100"]
[BlackElo "2313"]
[EventDate "2009.06.27"]

1. Nf3 Nf6 2. g3 d5 3. Bg2 c6 4. O-O Bg4 5. h3 Bh5 6. d3 Nbd7 7. Nbd2 e6 8.
Nh2 e5 9. Ndf3 Bd6 10. Nh4 O-O 11. Nf5 Bc7 12. Kh1 e4 13. g4 Bg6 14. Ng3
Qe7 15. Bg5 Qe6 16. Bh4 h5 17. f4 exf3 18. exf3 Bf4 19. Ne2 Be3 20. Re1 Qd6
21. Bg3 Qb4 22. Rb1 Rfe8 23. a3 Qb6 24. f4 hxg4 25. hxg4 Bh7 26. Nc3 d4 27.
Ne2 Nd5 28. Rf1 N7f6 29. Bh4 Qc7 30. Bg3 Re7 31. f5 Qd7 32. Bh4 Ree8 33. g5
Nh5 34. Be4 g6 35. Ng4 Ne7 36. Nh6+ Kf8 37. Ng1 Nf4 38. fxg6 Bxg6 39. Ng4
Bxg1 40. Rxf4 Be3 41. Rf3 Kg7 42. Ne5 Qe6 43. Bxg6 fxg6 44. Ng4 Nf5 45. Bg3
Rh8+ 46. Kg2 Nxg3 47. Rxg3 Bxg5 48. Qf3 Raf8 49. Qe4 Qxe4+ 50. dxe4 Bf4 51.
Rh3 Rxh3 52. Kxh3 g5 53. Kg2 c5 54. Rh1 c4 55. Nh6 d3 56. Nf5+ Rxf5 57.
cxd3 Rb5 0-1

[Event "Open"]
[Site "Pula CRO"]
[Date "2009.07.04"]
[Round "9"]
[White "Frank,D"]
[Black "Medic,Mir"]
[Result "0-1"]
[WhiteElo "2122"]
[BlackElo "2313"]
[EventDate "2009.06.27"]

1. e4 e6 2. d4 d5 3. Nd2 Nf6 4. e5 Nfd7 5. Bd3 c5 6. c3 Nc6 7. Ne2 cxd4 8.
cxd4 Nb6 9. O-O a5 10. Nf3 h6 11. Be3 Nb4 12. Bb1 a4 13. a3 Nc6 14. Nc3 Bd7
15. Bc2 Nb8 16. Nd2 Bc6 17. Qe2 N6d7 18. f4 g6 19. g4 h5 20. f5 gxf5 21.
gxf5 Qb6 22. fxe6 fxe6 23. Qf2 Kd8 24. Bg5+ Kc8 25. Rac1 Bh6 26. Bxh6 Rxh6
27. Bxa4 Qxb2 28. Qg2 Rxa4 29. Qg7 Rxd4 30. Qxh6 Rxd2 31. Qxh5 Rg2+ 32. Kh1
d4 33. Ne4 Rc2 34. Rce1 Kc7 35. Kg1 d3 36. Qh4 Rg2+ 37. Kh1 Re2 38. Rc1 Qd4
39. Rf4 d2 0-1

[Event "Open"]
[Site "Pula CRO"]
[Date "2009.07.04"]
[Round "9"]
[White "Miletic,De"]
[Black "Zierke,O"]
[Result "1/2-1/2"]
[WhiteElo "2231"]
[BlackElo "2306"]
[EventDate "2009.06.27"]

1. e4 c5 2. Nf3 Nc6 3. d4 cxd4 4. Nxd4 Nf6 5. Nc3 d6 6. Bc4 e6 7. Bb3 Be7
8. Be3 O-O 9. O-O a6 10. f4 Nxd4 11. Bxd4 b5 12. e5 dxe5 13. fxe5 Nd7 14.
Ne4 Bb7 15. Nd6 Bxd6 16. exd6 Qg5 17. Rf2 Rac8 1/2-1/2

[Event "Open"]
[Site "Pula CRO"]
[Date "2009.07.04"]
[Round "9"]
[White "Zelic,Ml"]
[Black "Gunis,J"]
[Result "0-1"]
[WhiteElo "2313"]
[BlackElo "2049"]
[EventDate "2009.06.27"]

1. e4 c5 2. d4 cxd4 3. c3 dxc3 4. Nxc3 d6 5. Nf3 e6 6. Bc4 a6 7. O-O Nc6 8.
Qe2 b5 9. Bb3 Ra7 10. Be3 Rd7 11. Nd4 Na5 12. f4 Nxb3 13. axb3 Bb7 14. f5
e5 15. Nc2 Nf6 16. Nb4 d5 17. Nbxd5 Nxd5 18. Nxd5 Bxd5 19. exd5 Rxd5 20.
Rxa6 Be7 21. Rb6 Qd7 22. Qg4 g6 23. Rb8+ Bd8 24. Qg5 Qe7 25. fxg6 hxg6 26.
Qg4 O-O 27. Rc1 Qd6 28. Rcc8 Be7 29. h3 Rd1+ 30. Kh2 e4+ 31. Bf4 Qd4 32.
Qe2 Qg1+ 33. Kg3 Rd3+ 34. Qxd3 exd3 35. Rxf8+ Bxf8 36. Bd6 d2 37. Bxf8 Qe3+
0-1

[Event "Open"]
[Site "Pula CRO"]
[Date "2009.07.04"]
[Round "9"]
[White "Kolesar,Mil"]
[Black "Franic,M"]
[Result "0-1"]
[WhiteElo "2178"]
[BlackElo "2421"]
[EventDate "2009.06.27"]

1. Nf3 Nf6 2. c4 e6 3. Nc3 Bb4 4. Qc2 c5 5. a3 Ba5 6. g3 Nc6 7. Bg2 O-O 8.
O-O Qe7 9. e3 d5 10. b3 Rd8 11. Bb2 Bxc3 12. Bxc3 d4 13. exd4 cxd4 14. Bb2
a5 15. d3 e5 16. Rfe1 Qc7 17. Qd2 Bg4 18. Ng5 h6 19. Ne4 Nd7 20. h3 Be6 21.
Qc2 f5 22. Nd2 Bf7 23. Rab1 Rab8 24. Bc1 Qd6 25. Nf3 Re8 26. Qd2 b5 27. Qc2
b4 28. a4 g5 29. h4 g4 30. Nh2 Nc5 31. Bd2 Rbd8 32. Rbd1 Qg6 33. Bf1 Kg7
34. Bc1 Bg8 35. Bb2 Bh7 36. Bg2 e4 37. dxe4 fxe4 38. Ba1 Kg8 39. Rd2 h5 40.
Nf1 Qh6 41. Qb2 Rd7 42. Red1 Red8 43. Kh2 Bf5 44. Re2 Kf7 45. Nd2 Re7 46.
Nf1 Qg6 47. Red2 Red7 48. Re2 Ne5 49. Qd2 Nf3+ 50. Bxf3 gxf3 51. Ree1 Qg4
0-1

[Event "Open"]
[Site "Pula CRO"]
[Date "2009.07.04"]
[Round "9"]
[White "Bebchuk,L"]
[Black "Petran,Pe"]
[Result "1/2-1/2"]
[WhiteElo "2145"]
[BlackElo "2365"]
[EventDate "2009.06.27"]

1. e4 g6 2. d4 Bg7 3. Nf3 d6 4. Be2 Nf6 5. Nc3 O-O 6. O-O Bg4 7. Be3 Nc6 8.
Qd2 e5 9. d5 Ne7 10. Rad1 Bc8 11. h3 Nd7 12. Ne1 f5 13. f4 fxe4 14. fxe5
Rxf1+ 15. Bxf1 Nxe5 16. Nxe4 Nf5 17. Bg5 Qf8 18. c3 h6 19. Bf4 g5 20. Bh2
Nh4 21. Be2 Bd7 22. Bh5 Qe7 23. Nd3 Be8 24. Bxe5 Bxe5 25. Bxe8 Rxe8 26.
Nef2 Bg7 27. Re1 Qf7 28. Rxe8+ Qxe8 29. Qe1 Qxe1+ 30. Nxe1 Nf5 31. Nd1 h5
32. g4 hxg4 33. hxg4 Ne7 34. c4 Kf7 35. Kg2 c6 36. dxc6 Nxc6 37. Nd3 Ke6
38. Ne3 Ne5 39. Nxe5 Bxe5 40. b3 Bf4 41. Nd5 Ke5 42. Kf3 Bc1 43. Nc3 Bd2
44. Ne4 Bf4 45. Nc3 a6 46. Ke2 Kd4 47. Nd5 Be5 48. a4 Ke4 49. Ne3 a5 50.
Nd5 Bd4 51. Nc7 Bf6 52. Ne6 Ke5 53. Nc7 Bd8 54. Nb5 Bb6 55. Kf3 Bc5 56. Nc3
Ba3 57. Ne2 Bb4 58. Ke3 Bc5+ 59. Kf3 Bb6 60. Nc3 Bd8 1/2-1/2

[Event "Open"]
[Site "Pula CRO"]
[Date "2009.07.04"]
[Round "9"]
[White "Kadric,D"]
[Black "Deslandes,P"]
[Result "1/2-1/2"]
[WhiteElo "2133"]
[BlackElo "2307"]
[EventDate "2009.06.27"]

1. e4 e6 2. d4 d5 3. e5 c5 4. c3 Nc6 5. Nf3 Bd7 6. Bd3 cxd4 7. cxd4 Qb6 8.
O-O Nxd4 9. Nbd2 Nc6 10. Nb3 Nge7 11. Be3 Qc7 12. Rc1 Ng6 13. Nc5 Bxc5 14.
Bxc5 Ngxe5 15. Nxe5 Nxe5 16. Re1 Nxd3 17. Qxd3 Bc6 18. Qd4 a6 19. Bb6 Qe7
20. Qxg7 Kd7 21. Bc5 Rag8 22. Qxg8 Rxg8 23. Bxe7 Kxe7 24. Re3 Kd6 25. Rg3
Rxg3 26. hxg3 e5 27. g4 e4 28. f3 Ke5 29. Kf2 Kf4 30. fxe4 dxe4 31. Rh1 e3+
32. Ke2 Bxg2 33. Rxh7 Bf3+ 34. Ke1 Bd5 35. a3 Bc4 36. Rg7 b5 37. g5 a5 38.
g6 fxg6 39. Rxg6 a4 40. Rd6 1/2-1/2

[Event "Open"]
[Site "Pula CRO"]
[Date "2009.07.04"]
[Round "9"]
[White "Frisk,E"]
[Black "Dietmayer Kraeutler,M"]
[Result "1/2-1/2"]
[WhiteElo "2131"]
[BlackElo "2302"]
[EventDate "2009.06.27"]

1. e4 e5 2. Nf3 Nc6 3. d4 exd4 4. Nxd4 Bc5 5. Be3 Qf6 6. c3 Nge7 7. Bc4 Ne5
8. Be2 Qg6 9. O-O d6 10. f3 O-O 11. Kh1 Kh8 12. Nd2 d5 13. Qc2 dxe4 14.
fxe4 Ng4 15. Bg1 Qh6 16. Bxg4 Bxg4 17. Rae1 Rad8 18. N2f3 Bb6 19. Ne5 Qh5
20. Nc4 Bd7 21. Nxb6 axb6 22. Bf2 c5 23. Nf3 f5 24. Ne5 Be6 25. Bg3 Qh6 26.
Bf4 g5 27. Bc1 f4 28. b3 Qg7 29. Nd3 Nc6 30. Bb2 c4 31. Nf2 g4 32. Bc1 Ne5
33. Rd1 Rxd1 34. Qxd1 g3 35. hxg3 Bg4 36. Nxg4 Nxg4 37. Qd4 Rf6 38. Qd8+
Rf8 39. Qd4 Rf6 40. Qd8+ Rf8 41. Qd4 Rf6 1/2-1/2

Intomart GfK Open
-----------------

[Event "Intomart GfK Open"]
[Site "Hilversum NED"]
[Date "2009.06.27"]
[Round "1"]
[White "Dek,L"]
[Black "L'Ami,E"]
[Result "1/2-1/2"]
[WhiteElo "2179"]
[BlackElo "2598"]
[EventDate "2009.06.27"]

1. e4 c6 2. d4 d5 3. exd5 cxd5 4. Bd3 g6 5. Bf4 Bg7 6. c3 Nc6 7. Nf3 Bf5 8.
Bxf5 gxf5 9. O-O e6 10. Nbd2 Nge7 11. Nb3 Ng6 12. Qd2 O-O 13. Bh6 Qd6 14.
Rfe1 Rae8 15. h4 f6 16. h5 Bxh6 17. Qxh6 Qf4 18. Qxf4 Nxf4 19. g3 Nxh5 20.
Nc5 Nd8 21. Kg2 Re7 22. Re2 Rfe8 23. Rae1 Ng7 24. Nd3 Rd7 25. Nf4 Rd6 26.
b3 Nf7 27. c4 dxc4 28. bxc4 b6 29. Nd5 e5 30. dxe5 fxe5 31. Nxe5 Nxe5 32.
Rxe5 Rxe5 33. Rxe5 Kf8 34. Ne3 Rf6 35. c5 f4 36. gxf4 Ne6 37. Nd5 Rg6+ 38.
Kf1 Nxc5 39. Ne3 Rf6 40. Rh5 Kg7 41. Rg5+ Kf7 42. Rh5 Kg7 43. Rg5+ Kf8 44.
Rh5 Rf7 45. f5 Ne4 46. Ng4 Kg7 47. Ne3 Rd7 48. Rh4 Nf6 49. Rc4 Kh6 50. Ke2
Re7 51. Kf3 Kg7 52. Kf4 h6 53. Rc6 Re4+ 54. Kf3 Rd4 55. Rc7+ Rd7 56. Rc6 b5
57. Ra6 b4 58. Kf4 Re7 59. Kf3 Rb7 60. Kf4 Rf7 61. Ra4 Rb7 62. Ra6 Re7 63.
Kf3 Rb7 64. Kf4 Rf7 65. Ra4 h5 66. Kg5 Ne4+ 67. Kxh5 Nxf2 1/2-1/2

[Event "Intomart GfK Open"]
[Site "Hilversum NED"]
[Date "2009.06.27"]
[Round "1"]
[White "Fridman,D2"]
[Black "Heemskerk,W"]
[Result "1-0"]
[WhiteElo "2646"]
[BlackElo "2202"]
[EventDate "2009.06.27"]

1. d4 e6 2. Nf3 f5 3. g3 Nf6 4. Bg2 d5 5. O-O Bd6 6. c4 c6 7. Qc2 O-O 8. b3
Qe7 9. Ne5 Nbd7 10. Nd3 a5 11. Nc3 Ne4 12. Bf4 Bxf4 13. Nxf4 Nxc3 14. Qxc3
Nf6 15. Nd3 Bd7 16. f3 b5 17. cxb5 cxb5 18. Qc5 Qxc5 19. Nxc5 b4 20. Rf2
Rac8 21. a3 Rc7 22. axb4 axb4 23. h3 Rb8 24. e3 Rb6 25. Rfa2 Bb5 26. Ra7
Rxa7 27. Rxa7 Kf8 28. Bf1 Be8 29. g4 fxg4 30. hxg4 g5 31. Bd3 h6 32. Kf2 h5
33. gxh5 Bxh5 34. Kg3 Be8 35. f4 Nh5+ 36. Kg4 gxf4 37. exf4 Nf6+ 38. Kg5
Ng8 39. Bg6 Ne7 40. Ra8 Nxg6 41. Nd7+ Ke7 42. Nxb6 Nf8 43. Nc8+ 1-0

[Event "Intomart GfK Open"]
[Site "Hilversum NED"]
[Date "2009.06.27"]
[Round "1"]
[White "Nijboer,F"]
[Black "Meurs,T"]
[Result "1-0"]
[WhiteElo "2562"]
[BlackElo "2178"]
[EventDate "2009.06.27"]

1. e4 e5 2. Nf3 Nc6 3. Bb5 a6 4. Ba4 Nf6 5. O-O Nxe4 6. d4 b5 7. Bb3 d5 8.
dxe5 Be6 9. Nbd2 Nc5 10. c3 d4 11. Bxe6 Nxe6 12. cxd4 Ncxd4 13. a4 Bc5 14.
Ne4 Bb6 15. Nfg5 O-O 16. Qd3 Nf5 17. Qh3 Nxg5 18. Nxg5 Nh6 19. axb5 Re8 20.
e6 fxe6 21. bxa6 Qf6 22. Ne4 Qf5 23. Qxf5 exf5 24. Nc3 Ng4 25. Nd5 Re5 26.
Nxb6 cxb6 27. b4 b5 28. h3 Nf6 29. Be3 Nd5 30. Bc5 Nc3 31. Ra5 Na4 32. Bd4
Rd5 33. Be3 Rd7 34. Ra1 Nc3 35. g3 Nd5 36. Rxb5 1-0

[Event "Intomart GfK Open"]
[Site "Hilversum NED"]
[Date "2009.06.27"]
[Round "1"]
[White "Haslinger,S"]
[Black "Van Engen,H"]
[Result "1-0"]
[WhiteElo "2544"]
[BlackElo "2163"]
[EventDate "2009.06.27"]

1. e4 c5 2. Nf3 d6 3. d4 cxd4 4. Nxd4 Nf6 5. Nc3 Nc6 6. Bg5 e6 7. Qd2 a6 8.
O-O-O Bd7 9. f4 Be7 10. Nf3 b5 11. Bxf6 gxf6 12. Bd3 Rc8 13. Kb1 Na5 14. f5
O-O 15. Qh6 Rxc3 16. Ng5 fxg5 17. f6 Bxf6 18. e5 Rxd3 19. exf6 1-0